00443nam a2200181Ia 4500003000400000008004100004040001600045082001700061100002600078245003600104260002000140300001000160650001500170650002300185650001200208650001900220650002200239GCL140319s9999 xx 000 0 eng d aGCL / cGCL04aCHb843bO H1 aOLIVER CURWOOD, JAMES10aHAZAN / cOLIVER CURWOOD, JAMES a[S.N] : bHEMMA a155 P04aLITERATURE04aFROMENTIN, DEUGENE04aFICTION04aFRENCH FICTION04aFRENCH LITERATURE